Workshop sobre o sistema penitenciário federal: enunciados
Kaydedildi:
| Müşterek Yazar: | |
|---|---|
| Materyal Türü: | Kitap |
| Dil: | Portekizce |
| Baskı/Yayın Bilgisi: |
Brasilia
Conselho da Justica Federal
2013
|
| Konular: | |
| Etiketler: |
Etiketle
Etiket eklenmemiş, İlk siz ekleyin!
|
MARC
| LEADER | 00000cam a2200000 a 4500 | ||
|---|---|---|---|
| 001 | UCE0154 | ||
| 003 | CL-VaPUC | ||
| 005 | 20230516125108.0 | ||
| 008 | 140103e20130900bl 1 por d | ||
| 082 | 0 | 4 | |a 365.981 |b CON |2 21 |
| 110 | 2 | |a Conselho da Justica Federal |e author |9 622023 | |
| 245 | 1 | 0 | |a Workshop sobre o sistema penitenciário federal: enunciados |
| 260 | |a Brasilia |b Conselho da Justica Federal |c 2013 | ||
| 300 | |a 47 p | ||
| 583 | |a last modification |c 20190909 10:51:55 |k Rodrigo Vera | ||
| 650 | 0 | 0 | |a Sistema penitenciario |9 408502 |
| 650 | 0 | 0 | |a Derecho penitenciario |9 368502 |
| 650 | 0 | 7 | |a PERSONAL PENITENCIARIO |2 CL-VaPUC |9 567918 |
| 650 | 0 | 0 | |a Funcionarios públicos |9 405107 |
| 650 | 0 | 0 | |a Administración pública |9 255343 |
| 942 | |c BK | ||
| 945 | |a dcastane |d 20140103 12:15:00 | ||
| 546 | |a En Portugués | ||
| 536 | |a Conselho da Justica Federal | ||
| 518 | |p Workshop sobre o Sistema Penitenciário Federal, 4, Brasilia, 21 de febrero de 2013 | ||
| 999 | |c 384750 |d 384748 | ||
| 952 | |0 0 |1 0 |2 ddc |3 erb |4 0 |6 365_981000000000000_CON_2013 |7 0 |8 A |9 507683 |a BIBDER |b BIBDER |i 5042259 |o 365.981 CON 2013 |p 5042259 |r 2023-01-25 |w 2020-01-23 |y MX |z Catalogado en:20140103 |k DER | ||